00389nam a22001337a 4500020001500000082001700015100001600032245005700048260004800105300002400153500002000177650004100197700001700238 a8121927293 a621.3072 MEH aMehta, V.K. aPrinciples of electrical engineering and electronics aNew Delhi, IndiabS. Chand & Co. Ltd.c1996 axvi, 894 p.bill. ; aIncludes index. aElectrical engineering---electronics aMehta, Rohit